[Event "SRB-chT (Women)"]
[Site "Valjevo"]
[Date "2011.09.02"]
[Round "7.1"]
[White "Vuckovic, Lidija"]
[Black "Urosevic, Marija"]
[Result "1/2-1/2"]
[WhiteElo "1752"]
[BlackElo "2058"]
[PlyCount "79"]
[EventDate "2011.08.27"]
[EventType "team-tourn"]
[EventRounds "11"]
[EventCountry "SRB"]
[SourceTitle "CBM 144 Extra"]
[Source "ChessBase"]
[SourceDate "2011.10.28"]
[SourceVersion "1"]
[SourceVersionDate "2011.10.28"]
[SourceQuality "1"]
[WhiteTeam "Nova Varos (W)"]
[BlackTeam "Kac Rad Beranovic (W)"]
[WhiteTeamCountry "SRB"]
[BlackTeamCountry "SRB"]

1. d4 Nf6 2. Nf3 e6 3. Bf4 b6 4. h3 Bb7 5. e3 Be7 6. Bd3 0-0 7. 0-0 c5 8. c3 d6 9. Bh2 Nbd7 10. Qe2 Qc7 11. e4 c4 12. Bc2 b5 13. Nbd2 Rfc8 14. Rfe1 e5 15. d5 Nc5 16. Nf1 Bf8 17. N3d2 Re8 18. Ne3 g6 19. Rf1 Nh5 20. Qf3 Bh6 21. Rfe1 Qe7 22. Ng4 Bg7 23. Ne3 Qg5 24. Qg4 Qxg4 25. Nxg4 a6 26. Ne3 Bc8 27. b3 cxb3 28. axb3 Nf4 29. Kf1 Bd7 30. c4 b4 31. Nf3 Ra7 32. Ra5 Nb7 33. Ra2 a5 34. Rea1 Rea8 35. Nd1 Nc5 36. Nd2 Bh6 37. Ne3 Bg7 38. Bg1 Ra6 39. Nd1 Bh6 40. Ne3 1/2-1/2

[Event "SRB-chT (Women)"]
[Site "Valjevo"]
[Date "2011.09.01"]
[Round "6.6"]
[White "Urosevic, Marija"]
[Black "Drljevic, Ljilja"]
[Result "1-0"]
[WhiteElo "2058"]
[BlackElo "2286"]
[PlyCount "109"]
[EventDate "2011.08.27"]
[EventType "team-tourn"]
[EventRounds "11"]
[EventCountry "SRB"]
[SourceTitle "CBM 144 Extra"]
[Source "ChessBase"]
[SourceDate "2011.10.28"]
[SourceVersion "1"]
[SourceVersionDate "2011.10.28"]
[SourceQuality "1"]
[WhiteTeam "Kac Rad Beranovic (W)"]
[BlackTeam "Belgrade BAS (W)"]
[WhiteTeamCountry "SRB"]
[BlackTeamCountry "SRB"]

1. d4 Nf6 2. c4 g6 3. Nc3 Bg7 4. e4 d6 5. f3 0-0 6. Bg5 c5 7. d5 e6 8. Qd2 exd5 9. cxd5 h6 10. Be3 Re8 11. Nge2 Nbd7 12. Ng3 h5 13. Be2 a6 14. a4 h4 15. Nf1 Qa5 16. Ra3 Ne5 17. Nd1 Qc7 18. Nf2 Rb8 19. Bg5 Nh7 20. Bxh4 f5 21. f4 Nf7 22. exf5 Bxf5 23. Ng3 b5 24. Nxf5 gxf5 25. a5 c4 26. Rg3 Kh8 27. 0-0 b4 28. Qc2 Nh6 29. Bh5 b3 30. Qb1 Qxa5 31. Bxe8 Rxe8 32. Qd1 Qc5 33. Re1 Rxe1+ 34. Qxe1 Nf6 35. Rxg7 Kxg7 36. Qe7+ Kg6 37. Qxf6+ Kh7 38. Bg5 Ng8 39. Qxf5+ Kg7 40. Qd7+ Kh8 41. Qh3+ Kg7 42. Qc3+ Kg6 43. Qd2 a5 44. f5+ Kxf5 45. Be3 Qb4 46. g4+ Kg6 47. Ne4 Ne7 48. Qf2 Kg7 49. Qf6+ Kg8 50. Qxe7 Qe1+ 51. Kg2 Qe2+ 52. Nf2 Qxb2 53. Qe6+ Kh7 54. Qe4+ Kg8 55. Bd4 1-0

[Event "SRB-chT (Women)"]
[Site "Valjevo"]
[Date "2011.08.27"]
[Round "1.4"]
[White "Babic, Marijana"]
[Black "Urosevic, Marija"]
[Result "1-0"]
[WhiteElo "2147"]
[BlackElo "2058"]
[PlyCount "71"]
[EventDate "2011.08.27"]
[EventType "team-tourn"]
[EventRounds "11"]
[EventCountry "SRB"]
[SourceTitle "CBM 144 Extra"]
[Source "ChessBase"]
[SourceDate "2011.10.28"]
[SourceVersion "1"]
[SourceVersionDate "2011.10.28"]
[SourceQuality "1"]
[WhiteTeam "Belgrade Rad (W)"]
[BlackTeam "Kac Rad Beranovic (W)"]
[WhiteTeamCountry "SRB"]
[BlackTeamCountry "SRB"]

1. e4 c5 2. Nf3 e6 3. d3 Nc6 4. g3 d5 5. Nbd2 Nf6 6. Bg2 Be7 7. 0-0 0-0 8. Re1 Kh8 9. c3 Bd7 10. e5 Ng8 11. Nf1 f5 12. exf6 gxf6 13. d4 cxd4 14. cxd4 Qe8 15. Bf4 Qf7 16. Ne3 Rae8 17. Qb3 b6 18. Nd1 Na5 19. Qd3 Nc4 20. Rc1 Rc8 21. Bh3 Rfe8 22. b3 Nd6 23. Rxc8 Bxc8 24. Nc3 Bf8 25. Nb5 Nxb5 26. Qxb5 Qd7 27. Bf1 Bh6 28. Bxh6 Nxh6 29. Rc1 e5 30. dxe5 fxe5 31. Qxd7 Bxd7 32. Rc7 Bg4 33. Ng5 Rc8 34. Rxh7+ Kg8 35. Rxh6 Rc1 36. Kg2 1-0

[Event "Aegean op 34th"]
[Site "Aghios Kirykos"]
[Date "2011.07.09"]
[Round "1"]
[White "Urosevic, Marija"]
[Black "Androutsopoulos Agiotatos, Vasilios"]
[Result "0-1"]
[WhiteElo "2058"]
[BlackElo "1230"]
[PlyCount "72"]
[EventDate "2011.07.09"]
[EventType "swiss"]
[EventRounds "9"]
[EventCountry "GRE"]
[SourceTitle "CBM 143 Extra"]
[Source "ChessBase"]
[SourceDate "2011.08.29"]
[SourceVersion "1"]
[SourceVersionDate "2011.08.29"]
[SourceQuality "1"]

1. d4 Nf6 2. c4 g6 3. Nc3 Bg7 4. e4 d6 5. f3 0-0 6. Bg5 Nbd7 7. Qd2 c5 8. d5 a6 9. a4 Qc7 10. Nh3 Ne5 11. Nf2 Re8 12. Be2 e6 13. 0-0 exd5 14. cxd5 h5 15. Rfc1 Rb8 16. b4 b6 17. Rab1 Ned7 18. Bf4 Bb7 19. Nd3 Kh7 20. Kh1 Ng8 21. a5 c4 22. axb6 Nxb6 23. Nb2 Bh6 24. Nca4 Bxf4 25. Qxf4 Nxa4 26. Nxa4 Bxd5 27. exd5 Rxe2 28. Rxc4 Rbe8 29. h4 Qa7 30. Re4 Qf2 31. Qxf7+ Kh6 32. Qf4+ Kg7 33. Rxe2 Rxe2 34. Rg1 Nf6 35. Nc3 Ng4 36. Qg5 Qxg1+ 0-1